Online Catalogue and eLibrary

Dr. Mary Ratnam : (Record no. 1836)

MARC details
000 -LEADER
fixed length control field 00262nam a2200097Ia 4500
008 - FIXED-LENGTH DATA ELEMENTS--GENERAL INFORMATION
fixed length control field 240331s9999 xx 000 0 und d
082 ## - DDC Classification
Item Number - Author Mark JAY
100 ## - MAIN ENTRY--PERSONAL NAME
Personal name Jayawardena, K
245 #0 - TITLE STATEMENT
Title Dr. Mary Ratnam :
Remainder of title a Canadian pioneer for women's rights in Sri Lanka
942 ## - Koha item type (Biblio)
Koha item type Books in Stacks (Lending)
Holdings
Lost status Damaged status Collection code Home library Current library Shelving location Date acquired Full call number Accession Number Item type
    Lending WERC Library WERC Library Social Science Cupboard 03/31/2024 305.4 JAY 1695 Books in Stacks (Lending)

© WERC Library